| 000 | 01267nam a2200361 a 4500 | ||
|---|---|---|---|
| 001 | 000035653 | ||
| 005 | 20260217122010.0 | ||
| 008 | 090706s2011 dr 000 0 spa d | ||
| 020 | _z9768175494 | ||
| 040 |
_aDO-SdBNP _bspa _cBNPHU |
||
| 082 |
_a340.115 _bM516p, 2009 |
||
| 100 | 1 |
_a Mejía-Ricart G., Tirso, _d1936-2021 _q(Mejía-Ricart Guzmán) _91569 |
|
| 245 | 1 | 0 |
_aPsicología para abogados / _cTirso Mejía Ricart ; prólogo Luis Scheker Ortíz. |
| 250 | _a3a ed. | ||
| 260 |
_aSanto Domingo : _bBúho, _c2011. |
||
| 300 |
_a420 p. ; _c23 cm. |
||
| 490 | 1 |
_aFundación Mejía Ricart-Guzmán Boon. Textos básicos _vv. 10 |
|
| 500 | _aIncluye datos biográficos del autor en las solapas | ||
| 504 | _aIncluye bibliografías (p. 413-420) | ||
| 650 | 4 |
_aDerecho _xAspectos psicológicos _99509 |
|
| 650 | 4 |
_aPsicología criminal _99510 |
|
| 650 | 4 |
_aPsicología forence _99511 |
|
| 650 | 0 |
_aDerecho y ética _99512 |
|
| 650 | 0 |
_aDrogadicción _96035 |
|
| 650 | 4 |
_aDesviaciones sexuales _99513 |
|
| 650 | 4 |
_aHomosexualidad _91116 |
|
| 650 | 4 |
_aDelitos sexuales _9697 |
|
| 650 | 4 |
_aDelitos _99514 |
|
| 650 | 0 |
_aDelincuencia juvenil _91711 |
|
| 700 | 1 |
_aScheker Ortiz, Luis, _epról. _99515 |
|
| 830 | 0 |
_aTextos básicos _nno.10 _961568 |
|
| 049 | _aBNPD | ||
| 999 |
_c35144 _d35144 |
||